| 000 | 00580nam a2200157 a 4500 | ||
|---|---|---|---|
| 001 | 000029137 | ||
| 005 | 20200930055342.0 | ||
| 008 | 110413s1978 dr 000 | spa d | ||
| 040 |
_aDO-SdBNP _bspa _cBNPHU |
||
| 245 | 0 | 0 |
_aPoetas con Nicaragua / _cintroducción y notas biográficas de Enrique Eusebio. |
| 260 |
_aSanto Domingo : _b[s.n.], _c1978. _f(Imprenta de la Universidad Autónoma de Santo Domingo) |
||
| 300 |
_a29 p. ; _c21 cm. |
||
| 500 | _aIncluye datos biográficos de los poetas al pie de las páginas. | ||
| 700 | 1 |
_aEusebio, Enrique, _eintrod. _927213 |
|
| 049 | _aBNPD | ||
| 999 |
_c28629 _d28629 |
||